000 01773nam a2200373 c 4500
003 BLK
005 20250207112456.0
008 180408b bul|||||r ||||||| ||bul||
010 _aKNG00093957000
020 _a978-954-528-782-4
_bиздат.: Труд
040 _aBLK
041 _aBUL
_cBUL
080 _aАнглийска литература
_b821.111
_x-93-34
_z821.111-93-34
700 1 _aБлайтън, Инид
_eпо
_9299658
700 1 _aВерих, Людмила Владимирова
_eпрев.
_gВерих-Шомова, Людмила Владимирова
_9363548
700 1 _aВерих-Шомова, Людмила Владимирова
_e*
_9299659
139 _aДайте път на Ноди - Направи си сам, Ноди
_bД 13
245 1 0 _aДайте път на Ноди - Направи си сам, Ноди
_cпо Инид Блайтън; прев. Людмила Владимирова Верих; * Людмила Владимирова Верих-Шомова.
257 _aGBR
260 София
_bТруд
_c2008
_fСофия : Д. Благоев
300 _a32 с.
_bс цв. ил.
_c23 см
380 _aDX
490 1 _aДайте път на Ноди
500 _aОриг. загл. Do-It-Yourself Noddy. - Офс.изд. - Пълното име на прев. е Людмила Владимирова Верих-Шомова.
653 _aприказки
653 _aлитература за деца
653 _aдетска литература
852 _aЦб 248746
856 4 _qpdf
_u
856 4 _qpdf
_u
942 _cKNG
_n0
_030
944 _aCR
_c02.02.2010
_lАнна Гръцманова
_k30564
944 _aED
_c09.10.2017
_lф /
_kЛюдмила_Стоянова
999 _c89258
_d89258